Modiʻim / (Record no. 30897)

MARC details
000 -LEADER
fixed length control field 00787cam a22002531 4500
001 - CONTROL NUMBER
control field he 65000199
003 - CONTROL NUMBER IDENTIFIER
control field DLC
005 - DATE AND TIME OF LATEST TRANSACTION
control field 20260227111428.0
008 - FIXED-LENGTH DATA ELEMENTS--GENERAL INFORMATION
fixed length control field 840406s1963 is a 000 0 heb
010 ## - LIBRARY OF CONGRESS CONTROL NUMBER
LC control number he 65000199
035 ## - SYSTEM CONTROL NUMBER
System control number (OCoLC)19168592
040 ## - CATALOGING SOURCE
Original cataloging agency DLC
Transcribing agency MH
Modifying agency CU
-- DLC
042 ## - AUTHENTICATION CODE
Authentication code premarc
043 ## - GEOGRAPHIC AREA CODE
Geographic area code a-is---
050 00 - LIBRARY OF CONGRESS CALL NUMBER
Classification number DS110.M6
Item number P6
245 00 - TITLE STATEMENT
Title Modiʻim /
Statement of responsibility, etc. [ba-ʻarikhat Z. Poran u-Ṿ. Śarʼel]
260 ## - PUBLICATION, DISTRIBUTION, ETC.
Place of publication, distribution, etc. Jerusalem :
Name of publisher, distributor, etc. ha-Ḳeren ha-ḳayemet le-Yiśraʼel, ha-Maḥlaḳah le-ḥinukh ule-noʻar,
Date of publication, distribution, etc. 724 [1963 or 1964]
300 ## - PHYSICAL DESCRIPTION
Extent 48 p. :
Other physical details ill. ;
Dimensions 17 cm.
651 #0 - SUBJECT ADDED ENTRY--GEOGRAPHIC NAME
Geographic name Modiʻin (Israel)
700 1# - ADDED ENTRY--PERSONAL NAME
Personal name Poran, Zevulun.
700 1# - ADDED ENTRY--PERSONAL NAME
Personal name Sarel, Baruch.
710 2# - ADDED ENTRY--CORPORATE NAME
Corporate name or jurisdiction name as entry element Jewish National Fund.
Subordinate unit Youth and Education Department.
752 ## - ADDED ENTRY--HIERARCHICAL PLACE NAME
Country or larger entity Israel
City Jerusalem

No items available.

Powered by Koha